[Event "Benidorm - Aficionados sub-2300 2014"]
[Site "Benidorm ESP"]
[Date "2014.11.29"]
[Round "2.2"]
[White "Longa Yauca, Javier"]
[Black "Nieves Cabanes, Javier"]
[Result "0-1"]
[WhiteElo "2284"]
[BlackElo "2149"]
[PlyCount "86"]
[EventDate "2014.11.28"]
[EventType "swiss"]
[EventRounds "10"]
[EventCountry "ESP"]
[SourceTitle "Ajedrez en Madrid"]
[Source "lmi"]
[SourceDate "2014.11.28"]

1. d4 Nf6 2. Nf3 e6 3. Bg5 c5 4. c3 b6 5. e3 Bb7 6. Nbd2 Be7 7. Bd3 cxd4 8.
exd4 d6 9. O-O Nbd7 10. a4 a6 11. Re1 O-O 12. Nf1 Re8 13. Ng3 Qc7 14. Rc1 Bf8
15. Qe2 Qc8 16. b4 h6 17. Bxf6 Nxf6 18. c4 Qd7 19. Qa2 a5 20. b5 Rac8 21. d5
Rc5 22. dxe6 fxe6 23. Bg6 Rec8 24. Nd4 Bd5 25. Bd3 Qf7 26. Rcd1 Rxc4 27. Bxc4
Rxc4 28. Qa3 h5 29. f3 h4 30. Nf1 e5 31. Nf5 Be6 32. N1e3 d5 33. Qa1 Bc5 34.
Kh1 Bxf5 35. Nxf5 Nd7 36. Ne3 Bxe3 37. Rxe3 h3 38. gxh3 d4 39. Red3 Nc5 40. Ra3
Rc2 41. Qb1 Qc4 42. Re1 d3 43. Ra1 Qf4 0-1

[Event "Benidorm - Aficionados sub-2300 2014"]
[Site "Benidorm ESP"]
[Date "2014.11.29"]
[Round "2.3"]
[White "Torres Sanchez, Jose"]
[Black "Diez Fraile, David"]
[Result "1-0"]
[WhiteElo "2277"]
[BlackElo "2147"]
[PlyCount "85"]
[EventDate "2014.11.28"]
[EventType "swiss"]
[EventRounds "10"]
[EventCountry "ESP"]
[SourceTitle "Ajedrez en Madrid"]
[Source "lmi"]
[SourceDate "2014.11.28"]

1. e4 c5 2. Nf3 d6 3. c4 Nc6 4. d4 cxd4 5. Nxd4 Nf6 6. Nc3 e6 7. Be2 Be7 8. O-O
O-O 9. b3 Nxd4 10. Qxd4 Bd7 11. Bb2 Bc6 12. b4 b6 13. Rfd1 Qb8 14. a3 Rd8 15.
Rac1 Bf8 16. Rd3 Qb7 17. Nd5 exd5 18. Qxf6 gxf6 19. Rg3+ Bg7 20. Bxf6 dxe4 21.
Rxg7+ Kf8 22. Rxh7 Ke8 23. Bg4 Qe7 24. Rh8+ Qf8 25. Rxf8+ Kxf8 26. Rc3 e3 27.
Bxd8 exf2+ 28. Kxf2 Rxd8 29. Bf3 Bxf3 30. Kxf3 Ke7 31. Ke4 Rh8 32. Rh3 Rg8 33.
Rg3 Rh8 34. h3 Ke6 35. Kd4 Rh5 36. Re3+ Kd7 37. g4 Rh4 38. Ke4 Ke6 39. Kf4+ Kf6
40. Rd3 Ke6 41. Kg5 Rh8 42. Re3+ Kd7 43. Kf6 1-0

[Event "Benidorm - Aficionados sub-2300 2014"]
[Site "Benidorm ESP"]
[Date "2014.11.29"]
[Round "2.4"]
[White "Sereinig, Eduard"]
[Black "Vaarala, Eric"]
[Result "0-1"]
[WhiteElo "2145"]
[BlackElo "2274"]
[PlyCount "71"]
[EventDate "2014.11.28"]
[EventType "swiss"]
[EventRounds "10"]
[EventCountry "ESP"]
[SourceTitle "Ajedrez en Madrid"]
[Source "lmi"]
[SourceDate "2014.11.28"]

1. Nf3 d5 2. c4 c6 3. g3 Nf6 4. Bg2 e6 5. b3 Bd6 6. O-O Qe7 7. Bb2 e5 8. cxd5
cxd5 9. Nc3 Bd7 10. d4 e4 11. Ne5 O-O 12. Nxd7 Qxd7 13. f3 e3 14. Qd3 Re8 15.
Nd1 Qe7 16. Bc1 Nc6 17. Bxe3 Nb4 18. Qd2 Rac8 19. Rc1 Rxc1 20. Qxc1 Nxa2 21.
Qa1 Nb4 22. Qxa7 h5 23. Bf2 Qxe2 24. Qxb7 Qd2 25. Qb6 Bf8 26. Qc7 Nd3 27. Qc3
Qe2 28. Qa1 Bb4 29. h4 Qd2 30. Qa6 Kh8 31. Qb7 Bd6 32. f4 Nxf2 33. Nxf2 Qxd4
34. Qxf7 Re2 35. Bf3 Rxf2 36. Ra1 0-1

[Event "Benidorm - Aficionados sub-2300 2014"]
[Site "Benidorm ESP"]
[Date "2014.11.29"]
[Round "2.5"]
[White "Axpe Balenciaga, Inigo"]
[Black "Olhovik, Andrei"]
[Result "0-1"]
[WhiteElo "2135"]
[BlackElo "2270"]
[PlyCount "176"]
[EventDate "2014.11.28"]
[EventType "swiss"]
[EventRounds "10"]
[EventCountry "ESP"]
[SourceTitle "Ajedrez en Madrid"]
[Source "lmi"]
[SourceDate "2014.11.28"]

1. d4 d5 2. Nf3 Bf5 3. Bf4 e6 4. e3 Bd6 5. Bg5 Ne7 6. Bd3 f6 7. Bh4 Nbc6 8.
Nbd2 Bxd3 9. cxd3 g5 10. Bg3 h5 11. Bxd6 Qxd6 12. Qb3 O-O-O 13. O-O-O Nf5 14.
g3 g4 15. Ng1 h4 16. Ne2 Rh6 17. Rdf1 Rdh8 18. Rhg1 hxg3 19. hxg3 Rh2 20. Nf4
Nfe7 21. Kb1 e5 22. dxe5 fxe5 23. Ng2 Rf8 24. a3 Qh6 25. f4 Qh3 26. Rf2 Qxg3
27. Re2 Qh3 28. Qd1 Qh7 29. Nb3 Rg8 30. Nc5 Qh6 31. Qa4 b6 32. Na6 Rh1 33. Rxh1
Qxh1+ 34. Ka2 Kb7 35. Rc2 exf4 36. exf4 Qh6 37. b4 Rc8 38. b5 Nb8 39. Rxc7+
Rxc7 40. Nxc7 Qd6 41. Na6 Qe6 42. Nb4 Nd7 43. Qc2 d4+ 44. Qc4 Qe2+ 45. Qc2 Qf3
46. Na6 Qd5+ 47. Ka1 Qxb5 48. Nb4 a5 49. Na2 Nc5 50. Nc1 Nd5 51. f5 g3 52. Qc4
Qxc4 53. dxc4 Ne3 54. Nxe3 dxe3 55. Ne2 Ne4 56. f6 Nxf6 57. Nxg3 Ne4 58. Ne2
Nd2 59. c5 bxc5 60. Kb2 Nf3 61. Kc3 Nd4 62. Nf4 Kc6 63. a4 e2 64. Nd3 Kd5 65.
Nf4+ Ke5 66. Nd3+ Kd5 67. Nf4+ Ke4 68. Nd3 Ke3 69. Ne1 Kf2 70. Nd3+ Kf1 71. Kc4
Nf3 72. Kxc5 Ne5 73. Nxe5 e1=Q 74. Nc6 Qd1 75. Kb5 Qd5+ 76. Kb6 Qc4 77. Nxa5
Qxa4 78. Nc6 Ke2 79. Kc5 Qh4 80. Nb4 Ke3 81. Nd5+ Ke4 82. Nb6 Qd8 83. Kc6 Kd4
84. Kb5 Qc7 85. Na4 Qb8+ 86. Ka6 Kd5 87. Ka5 Kc6 88. Nc3 Qb3 0-1

[Event "Benidorm - Aficionados sub-2300 2014"]
[Site "Benidorm ESP"]
[Date "2014.11.29"]
[Round "2.6"]
[White "Ibañez Aullana, Ramon"]
[Black "Murcia Paredes, Angel"]
[Result "1-0"]
[WhiteElo "2268"]
[BlackElo "2147"]
[PlyCount "61"]
[EventDate "2014.11.28"]
[EventType "swiss"]
[EventRounds "10"]
[EventCountry "ESP"]
[SourceTitle "Ajedrez en Madrid"]
[Source "lmi"]
[SourceDate "2014.11.28"]

1. e4 e5 2. Nf3 Nc6 3. d4 exd4 4. Nxd4 Bc5 5. Nb3 Bb6 6. Qe2 d6 7. Nc3 Nf6 8.
Bg5 h6 9. Be3 Be6 10. O-O-O Qe7 11. f3 O-O-O 12. Bxb6 axb6 13. Qb5 Na7 14. Qa4
Kb8 15. Nd4 d5 16. Ncb5 Nxb5 17. Nxb5 Qc5 18. Rd3 d4 19. Ra3 Kc8 20. Na7+ Kb8
21. b4 Qg5+ 22. Kb1 c6 23. Nxc6+ Kc7 24. Nxd8 Rxd8 25. Qb5 Qd2 26. Be2 d3 27.
Qe5+ Rd6 28. Qxd6+ Kxd6 29. Rxd3+ Qxd3 30. cxd3 Ke5 31. Kc2 1-0

[Event "Benidorm - Aficionados sub-2300 2014"]
[Site "Benidorm ESP"]
[Date "2014.11.29"]
[Round "2.7"]
[White "Cano Gimenez, Vicente"]
[Black "Tocco, Paolo"]
[Result "1-0"]
[WhiteElo "2265"]
[BlackElo "2141"]
[PlyCount "141"]
[EventDate "2014.11.28"]
[EventType "swiss"]
[EventRounds "10"]
[EventCountry "ESP"]
[SourceTitle "Ajedrez en Madrid"]
[Source "lmi"]
[SourceDate "2014.11.28"]

1. Nf3 Nc6 2. d4 d6 3. g3 g6 4. Bg2 Bg7 5. O-O Nf6 6. c4 O-O 7. Nc3 Nd7 8. e4
e5 9. d5 Na5 10. Qe2 b6 11. b4 Nb7 12. Bd2 Nf6 13. h3 Bd7 14. a3 Qe7 15. Ne1 a6
16. Nd3 Rae8 17. Kh2 Nh5 18. Bf3 Nf6 19. Rac1 a5 20. Be3 axb4 21. axb4 Ra8 22.
Ra1 Qd8 23. Qb2 Rxa1 24. Rxa1 Qc8 25. Bg2 Nh5 26. c5 bxc5 27. bxc5 dxc5 28.
Nxc5 Nd6 29. Qb3 Re8 30. Ra7 Bf6 31. Nxd7 Qxd7 32. Bf3 Bd8 33. Bxh5 gxh5 34.
Qd1 h4 35. g4 Nc4 36. Bc1 Be7 37. Qb3 Bc5 38. Ra2 Nb6 39. Bg5 Be7 40. Be3 Nc8
41. f3 Rd8 42. Qb5 Nd6 43. Qxd7 Rxd7 44. Ra7 f6 45. Bf2 h5 46. Bxh4 hxg4 47.
hxg4 Kf7 48. Bf2 Nc8 49. Ra8 Nd6 50. Kg2 Rd8 51. Ra7 Rd7 52. Kf1 Bd8 53. Bc5
Ke8 54. Bxd6 cxd6 55. Rxd7 Kxd7 56. Nb5 Bb6 57. Kg2 Ba5 58. Na3 Bb4 59. Nc4 Bc5
60. Kg3 Ke7 61. Kh4 Kf7 62. Kh5 Kg7 63. Nb2 Bd4 64. Nd3 Be3 65. Ne1 Bd4 66. Ng2
Bf2 67. Nh4 Bc5 68. Nf5+ Kf7 69. Kh6 Bb4 70. Kh7 Ba3 71. Nh6+ 1-0

[Event "Benidorm - Aficionados sub-2300 2014"]
[Site "Benidorm ESP"]
[Date "2014.11.29"]
[Round "2.9"]
[White "Jimenez Martinez, Jose Vicente"]
[Black "Lamas Mercadal, Manuel"]
[Result "1/2-1/2"]
[WhiteElo "2257"]
[BlackElo "2132"]
[PlyCount "106"]
[EventDate "2014.11.28"]
[EventType "swiss"]
[EventRounds "10"]
[EventCountry "ESP"]
[SourceTitle "Ajedrez en Madrid"]
[Source "lmi"]
[SourceDate "2014.11.28"]

1. d4 e6 2. c4 b6 3. Nc3 Bb7 4. Nf3 Bb4 5. Qc2 f5 6. a3 Bxc3+ 7. Qxc3 Nf6 8. g3
O-O 9. Bg2 d6 10. O-O Nbd7 11. b4 Qe7 12. e3 Ne4 13. Qc2 Ng5 14. d5 Nxf3+ 15.
Bxf3 e5 16. e4 f4 17. Bg4 g5 18. f3 Nf6 19. Be6+ Kg7 20. Qg2 Kh8 21. Bd2 Bc8
22. Bxc8 Raxc8 23. g4 Kg7 24. h4 h6 25. h5 Kf7 26. Rfc1 Qd7 27. a4 a5 28. c5
axb4 29. c6 Qe7 30. Bxb4 Ra8 31. Qe2 Ra7 32. Rcb1 Rfa8 33. a5 bxa5 34. Ba3 Qd8
35. Rb5 Rb8 36. Rab1 Rxb5 37. Qxb5 Qc8 38. Qb8 Ra8 39. Qxc8 Rxc8 40. Rb7 Ne8
41. Ra7 Rb8 42. Rxa5 Rb1+ 43. Kf2 Ra1 44. Bb4 Rxa5 45. Bxa5 Ke7 46. Ke2 Kd8 47.
Kd3 Kc8 48. Kc4 Kb8 49. Kb5 Ka8 50. Ka6 Kb8 51. Be1 Kc8 52. Ka7 Nf6 53. Bb4 Ne8
1/2-1/2

[Event "Benidorm - Aficionados sub-2300 2014"]
[Site "Benidorm ESP"]
[Date "2014.11.29"]
[Round "2.10"]
[White "Renteria, Jorge"]
[Black "Schmidt, Ralf"]
[Result "0-1"]
[WhiteElo "2253"]
[BlackElo "2119"]
[PlyCount "130"]
[EventDate "2014.11.28"]
[EventType "swiss"]
[EventRounds "10"]
[EventCountry "ESP"]
[SourceTitle "Ajedrez en Madrid"]
[Source "lmi"]
[SourceDate "2014.11.28"]

1. e4 e6 2. d4 d5 3. Nc3 Bb4 4. e5 c5 5. a3 Bxc3+ 6. bxc3 Ne7 7. Qg4 Rg8 8. Bd3
Nf5 9. Nf3 c4 10. Be2 Nc6 11. O-O Qa5 12. Bd2 Bd7 13. Qh5 h6 14. Rfb1 b6 15. a4
g5 16. Rd1 Rg6 17. Nxg5 Nce7 18. Nh7 O-O-O 19. Nf6 Bxa4 20. Qh3 Ng7 21. Nh5
Ngf5 22. Kh1 Ng8 23. Nf4 Rg7 24. g4 Nfe7 25. Nh5 Rh7 26. Rdb1 b5 27. f4 Qc7 28.
Ra2 Qd7 29. f5 Kc7 30. f6 Ng6 31. Ng3 Rb8 32. g5 Rh8 33. Qh5 hxg5 34. Qxg5 Nh6
35. Bc1 Rbg8 36. Ba3 Ne7 37. Bd6+ Kc6 38. Qc1 Nhf5 39. Nh5 Nxd6 40. exd6 Nc8
41. Rxa4 bxa4 42. Qb2 a6 43. Qb4 Qa7 44. Qxa4+ Kxd6 45. Qb4+ Kc6 46. Qa4+ Kc7
47. Qa5+ Nb6 48. Qc5+ Kb7 49. Nf4 Rc8 50. Qb4 Rc6 51. Bf3 Qb8 52. Qe7+ Ka8 53.
Nh5 Qb7 54. Ra1 Ka7 55. Ng7 Nc8 56. Qa3 Qc7 57. Nh5 Nd6 58. Rg1 Nf5 59. Rg5 Rb6
60. Qc1 Qb8 61. Qd2 Rb1+ 62. Bd1 Qb2 63. Rg1 Qc1 64. Qg2 Ne3 65. Qg7 Qxd1 0-1

[Event "Benidorm - Aficionados sub-2300 2014"]
[Site "Benidorm ESP"]
[Date "2014.11.29"]
[Round "2.14"]
[White "Lakunza Oyarbide, Juan Carlos"]
[Black "Bendayan Claros, Aaron"]
[Result "1-0"]
[WhiteElo "2059"]
[BlackElo "2233"]
[PlyCount "69"]
[EventDate "2014.11.28"]
[EventType "swiss"]
[EventRounds "10"]
[EventCountry "ESP"]
[SourceTitle "Ajedrez en Madrid"]
[Source "lmi"]
[SourceDate "2014.11.28"]

1. d4 d5 2. Nf3 Nf6 3. c4 c6 4. Nc3 a6 5. b3 b5 6. g3 Bf5 7. Bg2 Qa5 8. Bd2 b4
9. Na4 Ne4 10. Ne5 f6 11. Nd3 e6 12. Rc1 Nd7 13. O-O Be7 14. c5 Nxd2 15. Qxd2
Rb8 16. Rfe1 Bxd3 17. exd3 Nf8 18. Bh3 f5 19. g4 g6 20. gxf5 gxf5 21. Nb6 Rg8+
22. Kh1 Kf7 23. a4 Bg5 24. f4 Bd8 25. Qe2 Bxb6 26. Bxf5 Re8 27. Qh5+ Ke7 28.
Bxe6 Nxe6 29. f5 Bc7 30. Rxe6+ Kd8 31. Rce1 Ref8 32. f6 Kd7 33. f7 Rg7 34. Re7+
Kc8 35. Re8+ 1-0

[Event "Benidorm - Aficionados sub-2300 2014"]
[Site "Benidorm ESP"]
[Date "2014.11.29"]
[Round "2.15"]
[White "Serna Lara, Sergio"]
[Black "Nunez Reiz, Antonio"]
[Result "1/2-1/2"]
[WhiteElo "2230"]
[BlackElo "2094"]
[PlyCount "54"]
[EventDate "2014.11.28"]
[EventType "swiss"]
[EventRounds "10"]
[EventCountry "ESP"]
[SourceTitle "Ajedrez en Madrid"]
[Source "lmi"]
[SourceDate "2014.11.28"]

1. d4 Nf6 2. c4 e6 3. Nf3 b6 4. e3 Bb4+ 5. Nbd2 O-O 6. Bd3 d5 7. O-O Bb7 8. a3
Bd6 9. b4 c5 10. bxc5 bxc5 11. cxd5 cxd4 12. e4 e5 13. Nc4 Re8 14. Bg5 Ba6 15.
Qa4 Bxc4 16. Bxf6 gxf6 17. Bxc4 f5 18. exf5 Nd7 19. Bb5 Nc5 20. Qd1 Qf6 21.
Bxe8 Rxe8 22. Nd2 e4 23. Qg4+ Kh8 24. Nc4 Rg8 25. Qh3 Bf4 26. Rac1 Qa6 27. Nb2
Qb7 1/2-1/2

[Event "Benidorm - Aficionados sub-2300 2014"]
[Site "Benidorm ESP"]
[Date "2014.11.29"]
[Round "2.17"]
[White "Gomez Sanjuan, Hector Fernando"]
[Black "Cappon, John"]
[Result "1/2-1/2"]
[WhiteElo "2023"]
[BlackElo "2216"]
[PlyCount "28"]
[EventDate "2014.11.28"]
[EventType "swiss"]
[EventRounds "10"]
[EventCountry "ESP"]
[SourceTitle "Ajedrez en Madrid"]
[Source "lmi"]
[SourceDate "2014.11.28"]

1. d4 Nf6 2. c4 e6 3. Nc3 Bb4 4. Qc2 O-O 5. Bg5 h6 6. Bh4 d6 7. e3 Nbd7 8. Bd3
b6 9. Nge2 Bb7 10. f3 c5 11. O-O cxd4 12. exd4 Rc8 13. a3 Bxc3 14. Nxc3 d5
1/2-1/2

[Event "Benidorm - Aficionados sub-2300 2014"]
[Site "Benidorm ESP"]
[Date "2014.11.29"]
[Round "2.18"]
[White "Penafiel Lopez, Juan"]
[Black "Bosque Ortega, Xavier"]
[Result "0-1"]
[WhiteElo "2011"]
[BlackElo "2214"]
[PlyCount "50"]
[EventDate "2014.11.28"]
[EventType "swiss"]
[EventRounds "10"]
[EventCountry "ESP"]
[SourceTitle "Ajedrez en Madrid"]
[Source "lmi"]
[SourceDate "2014.11.28"]

1. Nf3 d5 2. b3 Nf6 3. Bb2 Bf5 4. e3 e6 5. Be2 Nbd7 6. O-O Bd6 7. d4 Ne4 8.
Nbd2 Qf6 9. c4 c6 10. c5 Bc7 11. b4 Qh6 12. Re1 Ndf6 13. Ne5 Nxd2 14. Qxd2 Ne4
15. Qd1 f6 16. Nf3 Ng5 17. g3 Nh3+ 18. Kg2 Be4 19. Bd3 f5 20. Bxe4 fxe4 21. Nh4
g5 22. Qg4 Nxf2 23. Kxf2 gxh4 24. Rh1 Rf8+ 25. Kg2 h3+ 0-1

[Event "Benidorm - Aficionados sub-2300 2014"]
[Site "Benidorm ESP"]
[Date "2014.11.29"]
[Round "2.19"]
[White "Ayza Leon, David"]
[Black "Varga, Mariano"]
[Result "1-0"]
[WhiteElo "2199"]
[BlackElo "2083"]
[PlyCount "45"]
[EventDate "2014.11.28"]
[EventType "swiss"]
[EventRounds "10"]
[EventCountry "ESP"]
[SourceTitle "Ajedrez en Madrid"]
[Source "lmi"]
[SourceDate "2014.11.28"]

1. e4 c5 2. a3 e6 3. b4 cxb4 4. axb4 Bxb4 5. Bb2 Nf6 6. e5 Nd5 7. c4 Ne7 8. Qg4
b6 9. Nf3 Bb7 10. Nc3 Na6 11. Qxg7 Rg8 12. Qxh7 Bxc3 13. Bxc3 Nc5 14. d4 Be4
15. Qh4 Bxf3 16. gxf3 Nb7 17. Qh7 a5 18. Bb2 d6 19. c5 dxc5 20. Bb5+ Kf8 21.
Rd1 Nd5 22. Bc1 Nc3 23. Qh6+ 1-0

[Event "Benidorm - Aficionados sub-2300 2014"]
[Site "Benidorm ESP"]
[Date "2014.11.29"]
[Round "2.25"]
[White "Van Hoolandt, Patrick"]
[Black "Nieves Cabanes, Jose Manuel"]
[Result "1/2-1/2"]
[WhiteElo "2180"]
[BlackElo "1970"]
[PlyCount "46"]
[EventDate "2014.11.28"]
[EventType "swiss"]
[EventRounds "10"]
[EventCountry "ESP"]
[SourceTitle "Ajedrez en Madrid"]
[Source "lmi"]
[SourceDate "2014.11.28"]

1. d4 Nf6 2. c4 e6 3. Nf3 b6 4. a3 Bb7 5. Nc3 d5 6. Bg5 Be7 7. cxd5 Nxd5 8.
Bxe7 Qxe7 9. e3 Nxc3 10. bxc3 O-O 11. Be2 c5 12. O-O Rd8 13. Qa4 Nc6 14. Rfd1
Rac8 15. Ba6 cxd4 16. cxd4 Na5 17. Bxb7 Qxb7 18. Rab1 Qd7 19. Qxd7 Rxd7 20. Rd3
Rdc7 21. g4 Rc3 22. Rbd1 f6 23. g5 a6 1/2-1/2

[Event "Benidorm - Aficionados sub-2300 2014"]
[Site "Benidorm ESP"]
[Date "2014.11.29"]
[Round "2.26"]
[White "Garcia Martin, Marta"]
[Black "Tetimov, Ivan"]
[Result "0-1"]
[WhiteElo "1913"]
[BlackElo "2158"]
[PlyCount "62"]
[EventDate "2014.11.28"]
[EventType "swiss"]
[EventRounds "10"]
[EventCountry "ESP"]
[SourceTitle "Ajedrez en Madrid"]
[Source "lmi"]
[SourceDate "2014.11.28"]

1. e4 Nf6 2. e5 Nd5 3. d4 d6 4. Nf3 dxe5 5. Nxe5 g6 6. Be2 Bg7 7. O-O O-O 8. h3
c5 9. Nf3 cxd4 10. Nxd4 Qb6 11. Nb3 Rd8 12. Bf3 Be6 13. Qe2 Nc6 14. c3 a5 15.
Na3 a4 16. Bxd5 Bxd5 17. Be3 Qc7 18. Nc5 b6 19. Nd3 e5 20. Rfd1 Rac8 21. Rd2
Qb7 22. Ne1 Be6 23. Rxd8+ Rxd8 24. Qb5 Ne7 25. Qxa4 Nf5 26. Nec2 Bd5 27. Rd1
Ra8 28. Qb4 Bxg2 29. Qxb6 Qe4 30. Rd8+ Bf8 31. Bc5 Bxh3 0-1

[Event "Benidorm - Aficionados sub-2300 2014"]
[Site "Benidorm ESP"]
[Date "2014.11.29"]
[Round "2.33"]
[White "Platel, Alexandre"]
[Black "Cebolla Moll, Ricardo"]
[Result "1-0"]
[WhiteElo "2219"]
[BlackElo "2017"]
[PlyCount "54"]
[EventDate "2014.11.28"]
[EventType "swiss"]
[EventRounds "10"]
[EventCountry "ESP"]
[SourceTitle "Ajedrez en Madrid"]
[Source "lmi"]
[SourceDate "2014.11.28"]

1. e4 d5 2. exd5 Qxd5 3. Nc3 Qd6 4. d4 Nf6 5. Bd3 c6 6. Nge2 g6 7. Bf4 Qd8 8.
Qd2 Bg7 9. Bh6 Bxh6 10. Qxh6 Qa5 11. Ng3 Be6 12. O-O Nbd7 13. a3 O-O-O 14. b4
Qb6 15. Nce2 Ng4 16. Qf4 Ngf6 17. c4 Qc7 18. Qd2 Kb8 19. f3 h5 20. Nf4 Nf8 21.
Qe3 Qd6 22. Nfe2 h4 23. Ne4 Qc7 24. Rab1 N8h7 25. Nc5 Bc8 26. b5 b6 27. bxc6
Rhe8 1-0

[Event "Benidorm - Aficionados sub-2300 2014"]
[Site "Benidorm ESP"]
[Date "2014.11.29"]
[Round "2.37"]
[White "Mora Menezo, Jesus"]
[Black "Acero Solis, Alberto"]
[Result "1-0"]
[WhiteElo "2181"]
[BlackElo "1990"]
[PlyCount "67"]
[EventDate "2014.11.28"]
[EventType "swiss"]
[EventRounds "10"]
[EventCountry "ESP"]
[SourceTitle "Ajedrez en Madrid"]
[Source "lmi"]
[SourceDate "2014.11.28"]

1. e4 e6 2. d4 d5 3. Nc3 Bb4 4. e5 b6 5. a3 Bf8 6. f4 c5 7. Nf3 Ne7 8. Be3 Nf5
9. Bf2 Nc6 10. Ne2 Be7 11. c3 c4 12. g4 Nh4 13. Ng3 g6 14. Bh3 Kd7 15. f5 Kc7
16. O-O Bd7 17. Nd2 Bg5 18. Be1 Be3+ 19. Kh1 Qg5 20. Nxc4 dxc4 21. Ne4 Qh6 22.
d5 Rad8 23. Bg3 gxf5 24. Nd6 Rhf8 25. gxf5 Ne7 26. fxe6 fxe6 27. Rf6 Neg6 28.
Bxe6 Rxf6 29. exf6 Nf4 30. Nf7 Qg6 31. Bxf4+ Bxf4 32. Qe2 Bxe6 33. dxe6 Rd3 34.
e7 1-0

[Event "Benidorm - Aficionados sub-2300 2014"]
[Site "Benidorm ESP"]
[Date "2014.11.29"]
[Round "2.39"]
[White "Carrera Ruano, Luis Javier"]
[Black "Lacrosse, Marc"]
[Result "0-1"]
[WhiteElo "1925"]
[BlackElo "2177"]
[PlyCount "42"]
[EventDate "2014.11.28"]
[EventType "swiss"]
[EventRounds "10"]
[EventCountry "ESP"]
[SourceTitle "Ajedrez en Madrid"]
[Source "lmi"]
[SourceDate "2014.11.28"]

1. d4 d5 2. Nf3 Nf6 3. e3 Bf5 4. Bd3 e6 5. O-O c6 6. b3 Nbd7 7. Bb2 Bd6 8. Ne5
O-O 9. Nd2 Rc8 10. Ndf3 Qe7 11. Bxf5 exf5 12. Qd3 g6 13. c4 Rfe8 14. Nxd7 Qxd7
15. Rfe1 Qe7 16. Ne5 Rcd8 17. c5 Bxe5 18. dxe5 Ng4 19. f4 Qh4 20. h3 Qf2+ 21.
Kh1 Qxe1+ 0-1

[Event "Benidorm - Aficionados sub-2300 2014"]
[Site "Benidorm ESP"]
[Date "2014.11.29"]
[Round "2.42"]
[White "Jackson, Oliver A"]
[Black "Roldan Marques, Daniel"]
[Result "1-0"]
[WhiteElo "2146"]
[BlackElo "1915"]
[PlyCount "48"]
[EventDate "2014.11.28"]
[EventType "swiss"]
[EventRounds "10"]
[EventCountry "ESP"]
[SourceTitle "Ajedrez en Madrid"]
[Source "lmi"]
[SourceDate "2014.11.28"]

1. e4 e6 2. d4 d5 3. Nc3 dxe4 4. Nxe4 Nd7 5. Nf3 Be7 6. Bd3 Ngf6 7. Qe2 O-O 8.
Bd2 b6 9. Ne5 Bb7 10. Ng5 h6 11. Ngf3 c5 12. O-O-O cxd4 13. Nxd7 Qxd7 14. Kb1
Bd5 15. Ne5 Qa4 16. b3 Qa3 17. Rhg1 a5 18. Bc1 Qc5 19. g4 a4 20. g5 hxg5 21.
Rxg5 axb3 22. cxb3 Ne8 23. Rh5 Nf6 24. Nd7 Nxd7 1-0

[Event "Benidorm - Aficionados sub-2300 2014"]
[Site "Benidorm ESP"]
[Date "2014.11.29"]
[Round "2.47"]
[White "Baktach, Nesrine"]
[Black "Megias Ortiz, Vicente Manuel"]
[Result "0-1"]
[WhiteElo "1652"]
[BlackElo "2049"]
[PlyCount "54"]
[EventDate "2014.11.28"]
[EventType "swiss"]
[EventRounds "10"]
[EventCountry "ESP"]
[SourceTitle "Ajedrez en Madrid"]
[Source "lmi"]
[SourceDate "2014.11.28"]

1. e4 g6 2. d4 Bg7 3. Nf3 d6 4. Be3 Nf6 5. Nc3 c6 6. h3 b5 7. a3 a6 8. Qd2 O-O
9. Bh6 c5 10. Bxg7 Kxg7 11. Bd3 cxd4 12. Nxd4 Qb6 13. Nf3 Bb7 14. O-O Nbd7 15.
b4 Rac8 16. Rfe1 Qc7 17. Nd5 Nxd5 18. exd5 Nb6 19. Be4 Qc3 20. Qxc3+ Rxc3 21.
Nd4 Bxd5 22. Bd3 e6 23. Ne2 Rc7 24. Nf4 Bc4 25. Rac1 Rfc8 26. Bxc4 Rxc4 27. Nd3
Rxc2 0-1

[Event "Benidorm - Aficionados sub-2300 2014"]
[Site "Benidorm ESP"]
[Date "2014.11.29"]
[Round "2.50"]
[White "Arias Igual, Alejandro"]
[Black "Segovia Sanchez, Antonio"]
[Result "1-0"]
[WhiteElo "2297"]
[BlackElo "2043"]
[PlyCount "51"]
[EventDate "2014.11.28"]
[EventType "swiss"]
[EventRounds "10"]
[EventCountry "ESP"]
[SourceTitle "Ajedrez en Madrid"]
[Source "lmi"]
[SourceDate "2014.11.28"]

1. d4 d5 2. c4 c6 3. Nf3 Nf6 4. e3 a6 5. Bd3 e6 6. b3 Nbd7 7. O-O Be7 8. Bb2
O-O 9. Qc2 h6 10. Nbd2 Re8 11. Rad1 c5 12. Ne5 Qc7 13. f4 b6 14. Ndf3 Bb7 15.
f5 Nf8 16. Qf2 Bd6 17. Qh4 Rad8 18. Kh1 Qe7 19. dxc5 Bxc5 20. Nd4 Bxd4 21. exd4
N8d7 22. fxe6 fxe6 23. Ng6 Qd6 24. Rde1 Qc6 25. Qg3 Nf8 26. Rxf6 1-0

[Event "Benidorm - Aficionados sub-2300 2014"]
[Site "Benidorm ESP"]
[Date "2014.11.29"]
[Round "2.60"]
[White "Cucarella Montell, Angels"]
[Black "Volman, Horacio"]
[Result "0-1"]
[WhiteElo "1954"]
[BlackElo "2146"]
[PlyCount "48"]
[EventDate "2014.11.28"]
[EventType "swiss"]
[EventRounds "10"]
[EventCountry "ESP"]
[SourceTitle "Ajedrez en Madrid"]
[Source "lmi"]
[SourceDate "2014.11.28"]

1. e4 d5 2. exd5 Qxd5 3. Nc3 Qa5 4. d4 Nf6 5. Bc4 c6 6. Bd2 Bf5 7. Nd5 Qd8 8.
Nxf6+ exf6 9. Qe2+ Be7 10. c3 O-O 11. O-O-O Bd6 12. f3 Re8 13. Qf1 Nd7 14. g4
Be6 15. Bxe6 fxe6 16. f4 c5 17. Nf3 Qc7 18. f5 exf5 19. gxf5 Nb6 20. Rg1 Kh8
21. h4 Nd5 22. Qf2 Nf4 23. Bxf4 Bxf4+ 24. Kb1 Be3 0-1

[Event "Benidorm - Aficionados sub-2300 2014"]
[Site "Benidorm ESP"]
[Date "2014.11.29"]
[Round "2.64"]
[White "Viñal Gutierrez, Pedro"]
[Black "Edwards, Ray B"]
[Result "1-0"]
[WhiteElo "2092"]
[BlackElo "1932"]
[PlyCount "54"]
[EventDate "2014.11.28"]
[EventType "swiss"]
[EventRounds "10"]
[EventCountry "ESP"]
[SourceTitle "Ajedrez en Madrid"]
[Source "lmi"]
[SourceDate "2014.11.28"]

1. d4 d5 2. Nf3 e6 3. Bf4 Bd6 4. Bg3 Ne7 5. e3 O-O 6. Bd3 c5 7. c3 b6 8. Qe2
Nbc6 9. Nbd2 h6 10. Ne5 f6 11. Nxc6 Nxc6 12. O-O Bxg3 13. fxg3 c4 14. Bc2 f5
15. Ba4 Ne7 16. Nf3 Ng6 17. h4 Bd7 18. Bc2 Qc7 19. Qf2 a6 20. Rad1 Rae8 21. h5
Ne7 22. Ne5 Nc6 23. Ng6 Rf6 24. Nf4 Rd8 25. Bb1 Be8 26. g4 fxg4 27. Qc2 Kf8 1-0

[Event "Benidorm - Aficionados sub-2300 2014"]
[Site "Benidorm ESP"]
[Date "2014.11.29"]
[Round "2.65"]
[White "Jove Grau, Lluis"]
[Black "Tonus, Alex"]
[Result "1-0"]
[WhiteElo "2077"]
[BlackElo "1907"]
[PlyCount "61"]
[EventDate "2014.11.28"]
[EventType "swiss"]
[EventRounds "10"]
[EventCountry "ESP"]
[SourceTitle "Ajedrez en Madrid"]
[Source "lmi"]
[SourceDate "2014.11.28"]

1. b4 e5 2. Bb2 Bxb4 3. Bxe5 Nf6 4. c4 O-O 5. Nf3 Nc6 6. Bb2 Re8 7. e3 d5 8. a3
Ba5 9. Be2 Bg4 10. cxd5 Nxd5 11. O-O Nce7 12. Qa4 Bxf3 13. Bxf3 c6 14. Qc2 Ng6
15. g3 Qe7 16. d4 Rad8 17. Nd2 Nxe3 18. fxe3 Qxe3+ 19. Rf2 Ne5 20. Kg2 Nd3 21.
Nc4 Ne1+ 22. Rxe1 Qxe1 23. Ne5 Rxe5 24. dxe5 Bb6 25. Re2 Qg1+ 26. Kh3 h5 27.
Qe4 Qf1+ 28. Bg2 Qd1 29. e6 fxe6 30. Qxe6+ Kh8 31. Qh6+ 1-0